<?xml version="1.0" encoding="UTF-8"?>
<record
    xmlns:xsi="http://www.w3.org/2001/XMLSchema-instance"
    xsi:schemaLocation="http://www.loc.gov/MARC21/slim http://www.loc.gov/standards/marcxml/schema/MARC21slim.xsd"
    xmlns="http://www.loc.gov/MARC21/slim">

  <leader>01950nam a2200325 a 4500</leader>
  <controlfield tag="001"> </controlfield>
  <controlfield tag="003">DO-SdBNP</controlfield>
  <controlfield tag="005">20220407081747.0</controlfield>
  <controlfield tag="008">091013s2009    dr            001 0 spa d</controlfield>
  <datafield tag="020" ind1=" " ind2=" ">
    <subfield code="a">9789945020717</subfield>
  </datafield>
  <datafield tag="040" ind1=" " ind2=" ">
    <subfield code="a">DO-SdBNP</subfield>
    <subfield code="b">spa</subfield>
    <subfield code="c">BPMSU </subfield>
  </datafield>
  <datafield tag="082" ind1=" " ind2=" ">
    <subfield code="a">025.84 </subfield>
    <subfield code="b">G393r 2009</subfield>
    <subfield code="2">22</subfield>
  </datafield>
  <datafield tag="245" ind1="0" ind2="0">
    <subfield code="a">Gesti&#xF3;n de riesgos para la prevenci&#xF3;n y mitigaci&#xF3;n de desastres en el patrimonio documental /</subfield>
    <subfield code="c">Sof&#xED;a Borrego Alonso... [et al.] ; edici&#xF3;n Lillibel Noem&#xED; Blanco Fern&#xE1;ndez.</subfield>
  </datafield>
  <datafield tag="260" ind1=" " ind2=" ">
    <subfield code="a">Santo Domingo :</subfield>
    <subfield code="b">Archivo General de la Naci&#xF3;n,</subfield>
    <subfield code="c">2009.</subfield>
  </datafield>
  <datafield tag="300" ind1=" " ind2=" ">
    <subfield code="a">148 p. :</subfield>
    <subfield code="b">il., retr. ;</subfield>
    <subfield code="c">23 cm.</subfield>
  </datafield>
  <datafield tag="490" ind1="0" ind2=" ">
    <subfield code="a">Archivo General de la Naci&#xF3;n,</subfield>
    <subfield code="v">84</subfield>
  </datafield>
  <datafield tag="504" ind1=" " ind2=" ">
    <subfield code="a">Incluye bibligraf&#xED;a (p. 85 -87 )</subfield>
  </datafield>
  <datafield tag="505" ind1="0" ind2=" ">
    <subfield code="a">Introducci&#xF3;n 9 -- TIPOLOG&#xCD;A DE DESASTRES Y FEN&#xD3;MENOS DE DESTRUCCI&#xD3;N ASOCIADOS 13 -- Clasificaci&#xF3;n de los desastres seg&#xFA;n su extensi&#xF3;n 13 -- Clasificaci&#xF3;n seg&#xFA;n su naturaleza 15 -- Fen&#xF3;menos de destrucci&#xF3;n asociados 20 -- PLANIFICACI&#xD3;N PARA ENFRENTAR SITUACIONES DE DESASTRES 23 -- Otros aspectos en tener en cuenta en el proceso de planificaci&#xF3;n 26 -- Personal implicado en el proceso de planificaci&#xF3;n. Asignaci&#xF3;n de responsabilidades 27 -- Aspectos a tener en cuenta para la definici&#xF3;n del plan de trabajo del equipo de desastre 33 -- Redacci&#xF3;n del plan 41 -- Mantenimiento del plan 43 -- Prevenci&#xF3;n 43 -- Adquisici&#xF3;n de medios materiales 51 -- INTERVENCI&#xD6;N O RESPUESTA 61 -- Salvamento y rescate del patrimonio documental afectado 66</subfield>
  </datafield>
  <datafield tag="590" ind1=" " ind2=" ">
    <subfield code="6">Inventariado,2022/VM</subfield>
  </datafield>
  <datafield tag="650" ind1=" " ind2="4">
    <subfield code="a">Conservaci&#xF3;n y restauraci&#xF3;n de documentos </subfield>
  </datafield>
  <datafield tag="650" ind1=" " ind2="4">
    <subfield code="a">Conservaci&#xF3;n y restauraci&#xF3;n de manuscritos</subfield>
  </datafield>
  <datafield tag="700" ind1="1" ind2=" ">
    <subfield code="a">Borrego Alonso, Sof&#xED;a</subfield>
  </datafield>
  <datafield tag="700" ind1="1" ind2=" ">
    <subfield code="a">Dorta Vald&#xE9;z, Maritza</subfield>
  </datafield>
  <datafield tag="700" ind1="1" ind2=" ">
    <subfield code="a">P&#xE9;rez Lara, Ana</subfield>
  </datafield>
  <datafield tag="700" ind1="1" ind2=" ">
    <subfield code="a">Mirabal Villason, Maritza</subfield>
  </datafield>
  <datafield tag="700" ind1="1" ind2=" ">
    <subfield code="a">Blanco Fern&#xE1;ndez, Lillibel Noem&#xED;</subfield>
  </datafield>
  <datafield tag="710" ind1="2" ind2=" ">
    <subfield code="a"> Archivo General de la Naci&#xF3;n (Rep&#xFA;blica Dominicana)</subfield>
  </datafield>
  <datafield tag="910" ind1=" " ind2=" ">
    <subfield code="a">VMateo V. </subfield>
  </datafield>
  <datafield tag="942" ind1=" " ind2=" ">
    <subfield code="2">ddc</subfield>
    <subfield code="c">BK</subfield>
  </datafield>
  <datafield tag="952" ind1=" " ind2=" ">
    <subfield code="0">0</subfield>
    <subfield code="1">0</subfield>
    <subfield code="2">ddc</subfield>
    <subfield code="4">0</subfield>
    <subfield code="7">0</subfield>
    <subfield code="8">CD</subfield>
    <subfield code="a">BPMET</subfield>
    <subfield code="b">BPMET</subfield>
    <subfield code="d">2022-04-07</subfield>
    <subfield code="e">Fundac&#xF3;n Juan Bosch </subfield>
    <subfield code="l">0</subfield>
    <subfield code="o">BPMSU CD 025.84  G393r 2009</subfield>
    <subfield code="p">BPMSU22040016</subfield>
    <subfield code="r">2022-04-07</subfield>
    <subfield code="w">2022-04-07</subfield>
    <subfield code="y">BK</subfield>
  </datafield>
  <datafield tag="952" ind1=" " ind2=" ">
    <subfield code="0">0</subfield>
    <subfield code="1">0</subfield>
    <subfield code="2">ddc</subfield>
    <subfield code="4">0</subfield>
    <subfield code="7">0</subfield>
    <subfield code="8">CD</subfield>
    <subfield code="a">BPMET</subfield>
    <subfield code="b">BPMET</subfield>
    <subfield code="d">2022-04-07</subfield>
    <subfield code="e">Fundac&#xF3;n Juan Bosch </subfield>
    <subfield code="l">0</subfield>
    <subfield code="o">BPMSU CD 025.84  G393r 2009</subfield>
    <subfield code="p">BPMSU22040017</subfield>
    <subfield code="r">2022-04-07</subfield>
    <subfield code="t">e.2</subfield>
    <subfield code="w">2022-04-07</subfield>
    <subfield code="y">BK</subfield>
  </datafield>
  <datafield tag="952" ind1=" " ind2=" ">
    <subfield code="0">0</subfield>
    <subfield code="1">0</subfield>
    <subfield code="2">ddc</subfield>
    <subfield code="4">0</subfield>
    <subfield code="7">0</subfield>
    <subfield code="8">CD</subfield>
    <subfield code="a">BPMET</subfield>
    <subfield code="b">BPMET</subfield>
    <subfield code="d">2022-04-07</subfield>
    <subfield code="e">Fundac&#xF3;n Juan Bosch </subfield>
    <subfield code="o">BPMSU CD 025.84 G393r 2009</subfield>
    <subfield code="p">BPMSU22040018</subfield>
    <subfield code="r">2022-04-07</subfield>
    <subfield code="t">e.3</subfield>
    <subfield code="w">2022-04-07</subfield>
    <subfield code="y">BK</subfield>
  </datafield>
  <datafield tag="999" ind1=" " ind2=" ">
    <subfield code="c">14145</subfield>
    <subfield code="d">14145</subfield>
  </datafield>
</record>
